[Event "Southend Masters"]
[Site "Southend"]
[Date "2024.04.01"]
[Round "9.11"]
[White "Bezuidenhout, Roland"]
[Black "Kalavannan, Koby"]
[Result "1-0"]
[WhiteElo "2273"]
[BlackElo "2324"]
[PlyCount "97"]
[EventDate "2024.03.28"]
[EventType "swiss"]
[EventRounds "9"]
[EventCountry "ENG"]
[SourceTitle "BritBase"]
[Source "John Saunders"]
[SourceDate "2024.05.09"]
[SourceVersion "1"]
[SourceVersionDate "2024.05.09"]
[SourceQuality "1"]

1. e4 c5 2. Nf3 g6 3. g3 Bg7 4. Bg2 d6 5. O-O Nc6 6. Re1 Bg4 7. h3 Bxf3 8. Qxf3
h5 9. d3 h4 10. g4 Rc8 11. Qd1 c4 12. dxc4 Ne5 13. Na3 Nxc4 14. Nxc4 Rxc4 15.
c3 Qa5 16. Be3 Nf6 17. Qd3 b5 18. f4 Nd7 19. Bf2 g5 20. e5 Rxf4 21. exd6 e6 22.
Qd5 Bf6 23. a4 Rxa4 24. Rxa4 Qxa4 25. Qa8+ Bd8 26. Bc6 Qf4 27. Re4 Qc1+ 28. Re1
Qd2 29. Qxa7 Qxd6 30. Bxb5 Bc7 31. Qd4 Qh2+ 32. Kf1 O-O 33. Bxd7 Rb8 34. Bc6
Rxb2 35. Ra1 e5 36. Qe3 Rxf2+ 37. Qxf2 Qxh3+ 38. Kg1 Qxg4+ 39. Qg2 Qh5 40. Qf3
Qg6 41. Bd5 Kg7 42. Rf1 Qb6+ 43. Kh1 f6 44. Qh5 Bd8 45. Qf7+ Kh6 46. Be4 f5 47.
Qxf5 Kh5 48. Qf7+ Kg4 49. Qf3# 1-0

[Event "Southend Masters"]
[Site "Southend"]
[Date "2024.04.01"]
[Round "9.12"]
[White "Jones, Steven A"]
[Black "Browning, Alex"]
[Result "1-0"]
[WhiteElo "2217"]
[BlackElo "2313"]
[PlyCount "71"]
[EventDate "2024.03.28"]
[EventType "swiss"]
[EventRounds "9"]
[EventCountry "ENG"]
[SourceTitle "BritBase"]
[Source "John Saunders"]
[SourceDate "2024.05.09"]
[SourceVersion "1"]
[SourceVersionDate "2024.05.09"]
[SourceQuality "1"]

1. e4 c5 2. Nf3 d6 3. d4 cxd4 4. Nxd4 Nf6 5. Nc3 a6 6. Be3 e5 7. Nb3 Be7 8. Qd2
Be6 9. O-O-O O-O 10. f4 Ng4 11. g3 Nd7 12. Kb1 Nxe3 13. Qxe3 Rc8 14. f5 Bc4 15.
Bxc4 Rxc4 16. Nd5 Nf6 17. Qd3 Nxd5 18. Qxc4 Ne3 19. Qd3 Nxd1 20. Rxd1 Qc7 21.
Nd2 Rc8 22. h4 Qc5 23. c3 b5 24. Nf1 Qf2 25. Qe3 Qg2 26. Nd2 Bf8 27. Rg1 Qh3
28. Qf3 h5 29. Qxh5 Qh2 30. Qd1 Qf2 31. Nf3 b4 32. cxb4 Rc4 33. Rf1 Qb6 34. a3
Rxe4 35. Ng5 Qe3 36. Qd5 1-0